000
00257nam a2200109 a 4500
005
20140414131957.0
008
110209s19uu xx 00 eng d
050
_a
TR 551.55
_b
Sw3 2006
100
_a
Sweeney, Alyse
245
_a
Hurricanes!.
999
_c
112949
_d
112949